[Event "Mechanics' Winter TNM; G/2"]
[Site "San Francisco"]
[Date "2016.02.16"]
[Round "7.8"]
[White "Vickers, Keith"]
[Black "Dougal, Michael"]
[Result "0-1"]
[WhiteElo "2200"]
[BlackElo "1801"]
[PlyCount "70"]
[EventDate "2016.??.??"]

1. d4 d5 2. Bf4 Bf5 3. e3 e6 4. c4 Nf6 5. Qb3 Nc6 6. Qxb7 Nb4 7. Na3 dxc4 8.
Nb5 Nfd5 9. Bxc7 Qc8 10. Qxc8+ Rxc8 11. Rc1 Nxc7 12. Rxc4 Kd7 13. Nf3 f6 14. a3
Nd3+ 15. Bxd3 Bxd3 16. Rxc7+ Rxc7 17. Nxc7 Kxc7 18. Kd2 Be4 19. Rc1+ Kd7 20.
Ne1 Bd6 21. f3 Bg6 22. g3 Rb8 23. b4 a5 24. Nd3 Bxd3 25. Kxd3 axb4 26. axb4
Rxb4 27. e4 Rb3+ 28. Rc3 Rxc3+ 29. Kxc3 h5 30. f4 g5 31. fxg5 fxg5 32. Kd3 g4
33. e5 Be7 34. Ke4 Kc6 35. d5+ exd5+ 0-1

[Event "Mechanics' Spring TNM; G/2"]
[Site "San Francisco"]
[Date "2016.04.05"]
[Round "4.6"]
[White "Vickers, Keith"]
[Black "Gaffagan, Steven"]
[Result "0-1"]
[WhiteElo "2200"]
[BlackElo "2066"]
[PlyCount "54"]
[EventDate "2016.??.??"]

1. f4 g6 2. Nf3 c5 3. e3 Bg7 4. d4 Nf6 5. Bd3 O-O 6. O-O d6 7. c3 Nc6 8. Nbd2
e5 9. dxc5 dxc5 10. Nxe5 Nxe5 11. fxe5 Ng4 12. Nf3 Nxe5 13. Be2 Qe7 14. Nxe5
Bxe5 15. Qd5 Bf5 16. Bf3 Rad8 17. Qxb7 Rd7 18. Qc6 Rfd8 19. e4 Qh4 20. g3 Bxg3
21. hxg3 Qxg3+ 22. Bg2 Bh3 23. e5 Rd5 24. Rf2 Rd1+ 25. Rf1 Rxf1+ 26. Kxf1 Rd1+
27. Ke2 Bg4+ 0-1

[Event "Mechanics' Winter TNM; G/2"]
[Site "San Francisco"]
[Date "2016.01.19"]
[Round "3.9"]
[White "Vickers, Keith"]
[Black "Koga, Micah"]
[Result "1-0"]
[WhiteElo "2200"]
[BlackElo "1738"]
[PlyCount "77"]
[EventDate "2016.??.??"]

1. d4 d5 2. Nf3 e6 3. e3 c5 4. Bd3 c4 5. Be2 Nf6 6. O-O Nc6 7. b3 b5 8. a4 Ba6
9. axb5 Bxb5 10. Na3 Ba6 11. Nxc4 dxc4 12. Rxa6 Nb4 13. Bxc4 Nxa6 14. Bb5+ Nd7
15. Ne5 Nab8 16. Qf3 f6 17. Qxa8 fxe5 18. dxe5 Bc5 19. Rd1 O-O 20. Bxd7 Rf7 21.
g3 Rxd7 22. Rxd7 Qxd7 23. Qxb8+ Kf7 24. Kg2 Kg6 25. Qa8 Qd1 26. Qe4+ Kf7 27.
Bb2 Qd2 28. Bd4 Bb4 29. Bxa7 Kg8 30. Qd3 Qc1 31. Qc4 Qa3 32. Qxe6+ Kf8 33. Qc8+
Ke7 34. Bb6 Kf7 35. Qd7+ Be7 36. e4 Kg8 37. Bc7 Qb4 38. Qd5+ Kh8 39. Qa8+ 1-0

[Event "Mechanics' Summer TNM; G/2"]
[Site "San Francisco"]
[Date "2016.05.31"]
[Round "2.18"]
[White "Vickers, Keith"]
[Black "Sherwood, Peter"]
[Result "1-0"]
[WhiteElo "2200"]
[BlackElo "1672"]
[Annotator "Sherwood"]
[PlyCount "57"]
[EventDate "2016.??.??"]

1. d4 d5 2. Bf4 Nf6 3. e3 e6 4. Nd2 Bd6 5. Bg3 Nbd7 6. f4 c5 7. c3 b6 8. Bd3
Bb7 9. Ngf3 Ne4 10. Bh4 Be7 11. Bxe7 Qxe7 12. O-O Ndf6 $2 13. Bb5+ Kf8 (13...
Nd7 14. Ne5 Nef6) 14. Ng5 Nd6 15. Bd3 h6 16. Ngf3 Rc8 17. Ne5 b5 18. dxc5 Rxc5
19. Nb3 Rc7 $2 (19... Rc8) 20. Nd4 a6 21. a4 Nc4 22. Qe2 b4 23. cxb4 Qxb4 24.
Rfc1 Ke7 $4 25. b3 Nxe5 26. Rxc7+ Ned7 27. Bxa6 Bxa6 28. Qxa6 Qd2 29. Qe2 1-0

[Event "Mechanics' Spring TNM; G/2"]
[Site "San Francisco"]
[Date "2016.03.22"]
[Round "2.6"]
[White "Vickers, Keith"]
[Black "Shnaiderman, Lazar"]
[Result "1-0"]
[WhiteElo "2200"]
[BlackElo "1814"]
[PlyCount "117"]
[EventDate "2016.??.??"]

1. f4 c5 2. Nf3 Nc6 3. e3 g6 4. Be2 Bg7 5. O-O d5 6. d4 cxd4 7. exd4 Bg4 8. c3
Bxf3 9. Bxf3 e6 10. Na3 Nge7 11. Nc2 O-O 12. Ne1 Qb6 13. Kh1 Nf5 14. Nd3 Rfd8
15. Qb3 Nd6 16. Ne5 Qb5 17. Be3 f6 18. Ng4 Qc4 19. Rfe1 f5 20. Ne5 Qxb3 21.
axb3 Ne4 22. Nxc6 bxc6 23. Ra6 Rdc8 24. Rea1 Rc7 25. b4 Kf7 26. Bd1 Ke7 27. Ba4
Kd7 28. b5 cxb5 29. Bxb5+ Kc8 30. Rxe6 Rb8 31. Re8+ Kb7 32. Ba6+ Ka8 33. Rxb8+
Kxb8 34. Ra5 Rc6 35. Rb5+ Rb6 36. Kg1 Kc7 37. Rxb6 Kxb6 38. Bd3 Bf8 39. Kf1 Bd6
40. Ke2 a5 41. c4 Kc6 42. c5 Bc7 43. b3 Nc3+ 44. Kd2 Na2 45. Ba6 Kd7 46. Bb5+
Ke6 47. g3 Nb4 48. Kc3 Na2+ 49. Kb2 Nb4 50. Bd2 Bd8 51. h4 h5 52. Bc3 Bc7 53.
Ka3 Nc2+ 54. Ka4 Bd8 55. Be8 Kf6 56. Kb5 Ne3 57. Kc6 Nf1 58. Be1 Ne3 59. Kd7
1-0

[Event "Mechanics' Winter TNM; G/2"]
[Site "San Francisco"]
[Date "2016.01.05"]
[Round "1.7"]
[White "Vickers, Keith"]
[Black "Starr, Albert Mart"]
[Result "1-0"]
[WhiteElo "2200"]
[BlackElo "1623"]
[PlyCount "37"]
[EventDate "2016.??.??"]

1. d4 f5 2. Nf3 Nf6 3. Bf4 d6 4. e3 h6 5. h4 Be6 6. Nbd2 Bf7 7. c3 Nbd7 8. Qc2
g6 9. Be2 Ng4 10. e4 e5 11. Bh2 Nxh2 12. Rxh2 f4 13. O-O-O Qf6 14. Qa4 O-O-O
15. Qxa7 Nb6 16. d5 Bg7 17. Nb3 Kd7 18. Qxb7 Rb8 19. Bb5+ 1-0

[Event "Mechanics' Spring TNM; G/2"]
[Site "San Francisco"]
[Date "2016.04.19"]
[Round "6.7"]
[White "Vickers, Keith"]
[Black "Uzzaman, Ashik"]
[Result "1-0"]
[WhiteElo "2200"]
[BlackElo "1991"]
[PlyCount "97"]
[EventDate "2016.??.??"]

1. f4 d5 2. Nf3 Nf6 3. e3 e6 4. b3 Be7 5. Bb2 O-O 6. Ne5 c5 7. Bd3 Nc6 8. Nxc6
bxc6 9. Nc3 Rb8 10. Na4 Nd7 11. O-O f5 12. c4 Nb6 13. Be5 Rb7 14. cxd5 Nxa4 15.
dxc6 Rb6 16. Bc4 Rb4 17. a3 Rxc4 18. bxc4 Nb6 19. d3 Bd6 20. a4 Bxe5 21. fxe5
Qc7 22. a5 Na8 23. d4 Qxc6 24. d5 Qd7 25. dxe6 Qxd1 26. Rfxd1 Bxe6 27. Rd6 Bxc4
28. Rc1 Bb5 29. Rxc5 a6 30. e6 g6 31. e7 Re8 32. Rd8 Kf7 33. Rxe8 Kxe8 34. Rc8+
Kxe7 35. Rxa8 Kd6 36. Rh8 Kc5 37. Rxh7 Kb4 38. Rg7 Kxa5 39. Rxg6 Kb4 40. g4
fxg4 41. Rxg4+ Kc3 42. h4 Bd3 43. h5 Kb3 44. h6 a5 45. Rg7 a4 46. h7 Bxh7 47.
Rxh7 a3 48. Ra7 a2 49. e4 1-0

[Event "Mechanics' Spring TNM; G/2"]
[Site "San Francisco"]
[Date "2016.04.26"]
[Round "7.5"]
[White "Vickers, Keith"]
[Black "Wang, Yuan"]
[Result "0-1"]
[WhiteElo "2200"]
[BlackElo "2051"]
[PlyCount "72"]
[EventDate "2016.??.??"]

1. f4 Nf6 2. Nf3 g6 3. d3 Bg7 4. e4 O-O 5. Be2 d6 6. O-O e5 7. Nc3 c6 8. Qe1
Na6 9. Kh1 exf4 10. Bxf4 Nh5 11. Bd2 Nc5 12. Nh4 Nf6 13. h3 d5 14. exd5 cxd5
15. b4 Ne6 16. Rb1 b6 17. Qf2 Bb7 18. Nf3 Rc8 19. Bd1 Qd7 20. Ne2 Ne4 21. dxe4
dxe4 22. Neg1 exf3 23. Nxf3 Nd4 24. Be3 Nxf3 25. Bxf3 Bxf3 26. Qxf3 Rxc2 27.
Rbd1 Qe6 28. Rde1 Qxa2 29. Bf4 Rc3 30. Qb7 Rd3 31. Bb8 a5 32. Qxb6 Qd5 33. Kh2
axb4 34. Bf4 b3 35. Bc1 b2 36. Bxb2 Bxb2 0-1

[Event "Mechanics' Summer TNM; G/2"]
[Site "San Francisco"]
[Date "2016.06.14"]
[Round "4.3"]
[White "Viswanath, Ganesh"]
[Black "Byambaa, Uyanga"]
[Result "1/2-1/2"]
[WhiteElo "2082"]
[BlackElo "2210"]
[Annotator "Donaldson"]
[PlyCount "97"]
[EventDate "2016.??.??"]

1. d4 Nf6 2. Nf3 g6 3. c4 Bg7 4. Nc3 O-O 5. e4 d6 6. Be2 e5 7. O-O Nc6 8. d5
Ne7 9. b4 Nd7 10. Ba3 a5 11. bxa5 Rxa5 12. Bb4 Ra8 13. a4 Bh6 14. a5 f5 15. Nd2
Nf6 16. c5 Bxd2 17. Qxd2 Nxe4 18. Nxe4 fxe4 19. cxd6 cxd6 20. Bc3 Nf5 21. Ra4
Qh4 22. Bb5 Nh6 $2 {Diagram [#]} (22... Rf7) 23. f3 $1 Bf5 24. Qe3 g5 25. Bd2
Nf7 26. fxe4 Bg6 27. Bd7 g4 28. Rb1 $2 (28. Be6 $1 {and with clear targets on
b7 and d6 plus no attack for Black, this position should be winning for White.}
) 28... Ng5 29. Bf5 Bxf5 30. Qxg5+ Qxg5 31. Bxg5 b5 $1 32. Rab4 Bd7 33. Be7
Rfe8 34. Bxd6 Rxa5 35. Rc1 Ra6 36. Bc7 Rc8 {Black has equalized.} 37. Rbb1 Ra4
38. Bxe5 Rxc1+ 39. Rxc1 Rxe4 40. Bg3 Rd4 41. d6 Kf7 42. Re1 Be6 43. Rf1+ Ke8
44. Re1 Kd7 45. Rc1 Bc4 46. Re1 Be6 47. Rc1 Bc4 48. Re1 Be6 49. Rc1 1/2-1/2

[Event "Mechanics' Summer TNM; G/2"]
[Site "San Francisco"]
[Date "2016.05.31"]
[Round "2.8"]
[White "Viswanath, Ganesh"]
[Black "Lourme, Nicholas R"]
[Result "1-0"]
[WhiteElo "2082"]
[BlackElo "1808"]
[PlyCount "61"]
[EventDate "2016.??.??"]

1. d4 d5 2. Nf3 c6 3. c4 Nf6 4. Nc3 e6 5. g3 g6 6. Bg2 Bg7 7. O-O O-O 8. b3
Nbd7 9. Bb2 Rb8 10. Ba3 Re8 11. Bd6 Ra8 12. c5 b6 13. b4 Ne4 14. Nxe4 dxe4 15.
Ne5 Nxe5 16. dxe5 Ba6 17. Bxe4 Rc8 18. Rc1 bxc5 19. Rxc5 Bb7 20. a4 f5 21. Bg2
f4 22. Qc2 Qg5 23. b5 fxg3 24. hxg3 h5 25. Qc1 Qg4 26. Qc4 Qxc4 27. Rxc4 Bf8
28. Bxc6 Bxd6 29. exd6 Red8 30. Rfc1 Ba8 31. d7 1-0

[Event "Mechanics' Summer TNM; G/2"]
[Site "San Francisco"]
[Date "2016.06.28"]
[Round "6.3"]
[White "Viswanath, Ganesh"]
[Black "Sun, James"]
[Result "0-1"]
[WhiteElo "2082"]
[BlackElo "2270"]
[Annotator "Donaldson"]
[PlyCount "92"]
[EventDate "2016.??.??"]

1. d4 Nf6 2. Nf3 c5 3. d5 b5 4. Bg5 d6 5. Bxf6 exf6 6. e4 a6 7. a4 b4 8. a5 Qe7
9. Bd3 g6 10. O-O Nd7 11. c3 bxc3 12. Nxc3 Bg7 13. Nd2 Ne5 14. Be2 O-O 15. Re1
Rb8 16. Na4 Rb4 17. Ra2 f5 18. exf5 Bxf5 19. Bxa6 Qa7 20. Qe2 Ra8 21. Nb6 (21.
Bb5 Qxa5 22. Nc3 Qxa2 23. Nxa2 Rxa2 $19) 21... Qxa6 22. Nxa8 Qxa8 23. Nf3 Qxd5
24. Ra3 Rxb2 25. Qd1 Qxd1 26. Rxd1 Nxf3+ 27. gxf3 Bd4 28. a6 Rb8 29. Kg2 Kf8
30. Rd2 Ke7 31. a7 Ra8 32. Ra6 Kd7 33. Rda2 Kc7 34. R6a5 Bd7 35. Ra6 Be6 36.
Rd2 Bc4 37. Ra4 Bb5 38. Ra3 Kb6 39. Rda2 Bc4 40. Rc2 Bd5 41. Rc1 h5 42. Rb1+
Kc7 43. h4 Be5 44. Rd1 Bc6 45. Rb1 c4 46. Ra6 Bd4 0-1

[Event "Mechanics' Alan Benson TNM; G/2"]
[Site "San Francisco"]
[Date "2016.09.27"]
[Round "9.1"]
[White "Viswanath Natraj, Ganesh"]
[Black "Winslow, Elliott C"]
[Result "0-1"]
[WhiteElo "2101"]
[BlackElo "2321"]
[Annotator "Winslow,Elliott"]
[PlyCount "83"]
[EventDate "2016.??.??"]

1. d4 Nf6 2. c4 g6 3. Nc3 Bg7 4. e4 d6 5. Nf3 O-O 6. Be2 e5 7. O-O (7. Be3 c6
$5 {Kotronias} (7... Ng4 {
"This is the most principled and the best move for Black" Bologan} 8. Bg5 f6 9.
Bh4 (9. Bc1 f5 $5 (9... exd4 10. Nxd4 f5 11. h3 (11. exf5 $2 Nxf2 $3) (11. Bxg4
fxg4) (11. O-O fxe4 12. Bxg4 Bxg4 13. Qxg4 Bxd4 14. Bh6 (14. Qxe4 Nc6 15. Be3
Bg7) (14. Nd5 Qd7 (14... Nc6 15. Bh6 Re8 16. Rae1 Qc8) 15. Qxd7 Nxd7 16. Bh6
Rf7 17. Nxc7 Rc8 18. Nb5 Be5 19. Rad1 Rf6 20. Bg5 Re6 21. b3 $14) 14... Re8 15.
Nxe4 Nc6 16. Rae1 Qc8 $1 17. Qf3 Qf5 $11) 11... Nh6 (11... Ne5 $5 12. exf5 gxf5
13. Nd5 Nbc6 (13... Ng6 14. h4 Nc6 15. Bg5 Qd7 16. Nb5 h6 17. Bd2 $16) 14. Nb5
Rf7 15. Be3 (15. Bh5 Ng6 16. O-O Nce5 $13) 15... Ng6 (15... a6 16. Nbxc7) 16.
Qd2 f4 17. Nxf4 Nxf4 18. Bxf4 Qf6) 12. Bxh6 (12. exf5) (12. O-O) (12. h4) 12...
Bxh6 13. exf5 gxf5 14. O-O Nc6 15. Bf3 (15. c5 Bg7 16. Nxc6 bxc6 17. Qa4 Bd7) (
15. Nxc6 bxc6 16. Bf3 Rb8 17. Rb1 c5 18. Re1 Bd7 19. Qd3 Bg7 $11) 15... Nxd4
16. Qxd4 Bg7 17. Qd5+ Kh8 18. Rad1 Be5 19. Rfe1 c6 20. Qd3 Qf6 21. g3 Bd7 $11)
10. Bg5 (10. dxe5 Nxe5 11. exf5 (11. Nxe5)) (10. O-O) (10. h3 Nxf2 $1 11. Kxf2
fxe4 12. Nxe4 Qh4+ 13. Kg1 (13. Ke3 Bh6+ 14. Kd3 Qxe4+ 15. Kxe4 (15. Kc3 exd4+
16. Nxd4 Bg7) 15... Bf5+ 16. Kd5 c6+ 17. Kxd6 Rf6+ 18. Kc7 Rf7+ 19. Kd6 Bg7 {
[%eval 32764,0]}) 13... Qxe4 14. Bd3 (14. dxe5 dxe5) (14. d5 Bf5 $17 {
Ivanchuk-Bologan, Edmonton 2005} (14... Qf5 $5 $17)) 14... Qc6 $17) (10. exf5
exd4 (10... Bxf5) 11. Nd5 (11. Bg5 Qe8 12. Nd5 (12. Nxd4 Qe5 13. Nf3 Qxf5 14.
Nd5 Nc6) 12... d3 $1 13. Qxd3 (13. Nxc7 Qf7) 13... Bxf5 14. Qd2 (14. Ne7+ Qxe7
15. Bxe7 Bxd3 16. Bxf8 Bxb2)))) 9... g5 10. Bg3 Nh6 11. d5 (11. h4 $6) (11. Qd2
) (11. O-O) (11. c5) (11. dxe5 dxe5 12. c5 (12. h4 $6) (12. Qxd8 Rxd8 13. Nd5 (
13. Nd2 Be6) 13... Na6 14. Ne7+ (14. O-O-O Be6 15. h4 g4 16. Nh2 c6 17. Ne3 Nc5
18. f3 gxf3 19. gxf3 f5 20. Rhg1 Kf8 $11) 14... Kf8 15. Nxc8 Raxc8) (12. Qd5+
Kh8 13. Qxd8 (13. O-O-O Qe7 14. Qa5 c6) 13... Rxd8 14. h4 $5 (14. Nd2 c5 $1)
14... g4 15. Nd2 Na6 16. O-O-O Be6 17. Nb3 Nf7 18. Na5 Nd6 $13) (12. O-O) (12.
Qb3 c6 13. c5+ Kh8 14. Nd2 Qe7 15. h4 g4 16. O-O-O Qxc5)) (11. h3 Nd7 12. d5 (
12. O-O) (12. Qd2) 12... f5 13. exf5 (13. h4) (13. Qc2) (13. Nd2) 13... Nc5 $1
14. Nd2 (14. Qd2) 14... Bxf5 15. O-O (15. f3 e4 $1)) 11... Nd7)) 7... c6 (7...
Nc6 8. d5 Ne7 9. b4 (9. Ne1 Nd7 10. Nd3 (10. Be3 f5 11. f3 f4 12. Bf2 g5 13.
Nb5 (13. b4) (13. a4) (13. Nd3)) 10... f5 11. Bd2 Nf6 12. f3 f4 13. c5) 9...
Nh5 (9... a5 10. bxa5 Rxa5 11. a4) 10. Re1 (10. g3) 10... f5 11. Ng5 Nf6 12.
Bf3 (12. f3)) (7... Na6 8. Re1 c6 9. Be3 exd4 10. Nxd4 Nc5 11. Qc2 Qe7 {
Walder-Winslow, BCS FNM just the Friday before.}) 8. Be3 {Belov: '!?'} (8. d5)
(8. Re1 {Belov: '!?'}) (8. dxe5) (8. Rb1 $5 Nbd7 (8... exd4 $5 9. Nxd4 Re8 10.
f3 Nh5 $13) 9. b4 Re8 10. d5 $1 c5 11. a3 b6 12. Ne1 Rf8 13. Nd3 Ne8 14. a4 f5
15. a5 $14 Ndf6 16. f3 Ba6 $5 (16... f4 17. Bd2 g5 18. g4 $1) 17. Qb3 Kh8 18.
Ra1 Nh5 19. Ra3 $1 Nc7 20. exf5 $5 (20. Bd2 $5) 20... gxf5 21. b5 Bc8 22. f4
Nxf4 (22... e4 23. Bxh5 exd3 24. Nd1 $16) 23. Nxf4 exf4 24. axb6 axb6 25. Rxa8
Nxa8 26. Bxf4 $16 Nc7 27. Bd3 Ne8 28. Qc2 Nf6 $1 29. Bg5 (29. Bxf5 Nxd5 $1 30.
Bxc8 Nxf4 $13) 29... Qe8 30. Ne2 $1 (30. Bxf5 Nxd5 31. Bxc8 $2 (31. Nxd5 Bxf5
$10) 31... Bd4+ $19) 30... Ng4 (30... Ne4 31. Bxe4 fxe4 (31... Qxe4 32. Qxe4
fxe4 33. Rxf8+ Bxf8 34. Ng3 $16) 32. Rxf8+ Bxf8 33. Ng3 $16) (30... Qg6 31. Bc1
Ng4 32. Nf4 $16) 31. Qd2 Ne5 32. Nf4 Qf7 $6 (32... Nxd3 33. Nxd3 Qg6 $16) 33.
Be2 $1 {/\35.Bh5 Qc7 36.Ne6+/-/} Bf6 34. Nh5 Bxg5 35. Qxg5 Qg6 (35... Ng6 $5)
36. Qe7 Re8 37. Qf6+ Qxf6 38. Nxf6 Re7 (38... Rf8 39. Nh5 Bd7 40. Ra1 $5) 39.
Ra1 $1 Kg7 40. Nh5+ Kf7 41. Ra8 Re8 (41... Bd7 42. Rb8 $18) (41... Bb7 42. Rh8
Kg6 43. Rf8 Rf7 44. Rg8+ Kh6 45. Nf4 $16) 42. Kf2 Bd7 43. Ra7 Rb8 44. Nf4 Kf6 (
44... Ke7 45. Ne6 Kf6 46. Nc7 $1 $18) 45. Nd3 $1 Ke7 (45... Be8 $5 46. Nxe5
dxe5 47. Rxh7 $16) (45... Nxd3+ 46. Bxd3 Be8 47. Rxh7 $18) 46. Nxe5 dxe5 47. g4
$1 $18 Kd6 (47... f4 48. Bd3 Kd6 49. g5 h6 50. g6 $18) 48. gxf5 Bxf5 49. Rf7
Bg6 50. Rf6+ Ke7 (50... Kd7 51. d6 {/\Bg4/}) 51. Re6+ Kf7 52. Rxe5 Re8 53. Rxe8
Kxe8 54. Ke3 {/\Bd3+-/ 1-0 (54) Larsen, B-Najdorf,M Dallas 1957 MCL (Belov)}) (
8. Qc2) 8... h6 $5 $146 (8... Ng4 9. Bg5 f6 (9... Qc7) (9... Qb6) 10. Bh4) (
8... exd4 9. Nxd4 (9. Bxd4 Re8 10. Qc2 Nbd7 (10... Qe7 $1 11. Rfe1 $1 Nbd7 12.
Rad1 $5 (12. h3)) 11. Rad1 Qe7 12. Rfe1 $5 Ne5 13. h3 Bh6 14. b4 b6 15. c5 bxc5
16. Nxe5 dxe5 17. Bxc5 Qb7 18. Na4 Be6 19. Bd6 Nd7 20. Nc5 Nxc5 21. bxc5 Bf8
22. Rb1 Qd7 23. Red1 Bxd6 24. cxd6 Rab8 25. a4 Rxb1 26. Qxb1 Qd8 27. Qc2 Qd7
28. Qc5 f6 29. a5 Kg7 30. Rb1 Rd8 31. a6 Kh6 32. Qe3+ g5 33. Qf3 Qf7 34. Rb7
Rd7 35. Bc4 f5 36. exf5 Qxf5 37. Bxe6 {
1-0 (37) Tal,M (2635)-Dvoretzky,M (2495) Leningrad 1974}) 9... Re8 (9... Qe7)
10. f3 d5 11. cxd5 Nxd5 $1 12. Nxd5 cxd5 13. Qb3 Nc6 14. Rad1 Bxd4 15. Bxd4
Nxd4 (15... dxe4 $5) 16. Rxd4 Qf6 $1 17. Qxd5 (17. Rd2)) (8... Na6 $5 9. d5 (9.
dxe5) (9. Re1 Ng4 $1 10. Bg5 f6 11. Bh4 Nh6 12. h3 (12. c5 $5)) (9. h3) (9. a3
$5) (9. Qc2 $5)) 9. h3 (9. dxe5 dxe5 10. a3 Nbd7 11. h3 Qe7 12. Qc2 Nh5 13.
Rfe1 Nf4 14. Bf1 Re8 15. b4 Qf6 16. Qd1 Nf8 17. Kh2 Rd8 18. Nd2 N8e6 19. g3 Nd3
20. Bxd3 Rxd3 21. Ne2 Ng5 22. Ng1 Be6 23. Qe2 Rad8 24. a4 Bxh3 25. f4 exf4 26.
gxf4 Qc3 27. Rad1 Bg4 28. Qxg4 Rxe3 29. Nf1 Rxd1 30. Rxd1 Rxe4 31. Qc8+ Kh7 32.
fxg5 Be5+ 33. Kg2 h5 34. Qf8 Rg4+ 35. Kh1 Rh4+ 36. Kg2 Qc2+ 37. Rd2 Qe4+ 38.
Nf3 Rg4+ 39. Kf2 Bg7 40. Qc5 Rf4 41. N1h2 b6 42. Qd6 Qxc4 43. a5 Bc3 44. axb6
axb6 45. Rd1 Bxb4 46. Qd3 Bc5+ 47. Kg3 h4+ 48. Kg2 Qe6 49. Re1 h3+ 50. Kg3 Qc4
51. Qxc4 Rxc4 52. Ng4 Bd6+ 53. Kxh3 Bf4 54. Re8 Kg7 55. Re7 Rc3 56. Kg2 Rc2+
57. Kg1 Rc5 58. Nfe5 Bxe5 59. Nxe5 Kf8 60. Rxf7+ Ke8 61. Rf6 Rxe5 62. Rxg6 b5 {
1/ 2-1/2 (62) Sosa Macho,F (2215)-Barboza,M Uruguay 1991}) 9... exd4 10. Bxd4
Re8 11. Qc2 Nbd7 12. Rad1 (12. Rfe1 Qe7 13. Bf1 Ne5 {
Uhlmann,W-Vogt,L/Dresden/1988/}) 12... Qe7 13. Rfe1 (13. Nd2 Nf8 14. Rfe1 Ne6
15. Be3 Nd7 16. Nf1 Ndc5 17. Ng3 Be5 18. b4 Nd7 19. Qd2 Qf6 20. Nb1 Nf4 21. Bf1
Nf8 22. Ne2 N8e6 23. g3 Ng5 24. Nd4 Nfxh3+ 25. Bxh3 Nxh3+ 26. Kg2 Bg4 27. f3
Bxd4 28. fxg4 Bxe3 29. Rxe3 Ng5 30. Qxd6 Re6 31. Qd4 Qe7 32. Nc3 Re8 33. a3 b6
34. b5 Nxe4 35. Nxe4 Rxe4 36. Rxe4 Qxe4+ 37. Qxe4 Rxe4 38. Rd6 cxb5 39. cxb5
Rxg4 40. Kf3 Rc4 41. Rd3 h5 42. Ke3 Kg7 43. Kd2 g5 44. Rd7 Ra4 45. Rd3 Kg6 46.
Kc2 f6 47. Kb3 Rg4 48. Kb2 Kf5 49. Rd7 Ra4 50. Kb3 Ra5 51. a4 Kg4 52. Rd3 f5
53. Kb4 h4 54. gxh4 Kxh4 55. Rd4+ f4 56. Kc3 Kg3 57. Kd2 a6 58. bxa6 Rxa6 59.
Ke2 f3+ 60. Kf1 g4 61. Rb4 b5 {
0-1 (61) Kolesov,E-Pervakov,S (2149) Alushta 2006}) 13... Ne5 (13... b6 14. Bf1
Bb7 (14... Ne5 15. Nh2 g5 16. Ne2 g4 $5 17. hxg4 Nfxg4 18. Nxg4 Nxg4 19. f3 Ne5
20. Bf2 $5 (20. Ng3 d5 $5 21. Nf5 $140 $2 (21. cxd5 cxd5 22. f4 Ng4 23. Bxg7 $2
Qh4 24. Bb5 Qxg3 25. Bxe8 Ba6 $19) 21... Bxf5 22. exf5 Nxf3+ $1) 20... Be6 21.
Nd4 Rac8 $14) 15. a3 Rad8 16. b4 Qf8 17. Be3 $5 Nh7 (17... Ne5 18. Nd4 (18. Nh2
d5 $5) 18... d5 $140 $6 19. exd5 cxd5 20. c5 $16) 18. Nd4 Nhf6 19. Nde2 Ne5 20.
Ng3 Nh7 (20... h5 $5 21. f4 Ned7 22. Bd3 h4 23. Nf1 Nh5 $132) 21. f4 Nd7 22.
Bd4 Nhf6 23. Re2 $5 (23. e5 dxe5 24. fxe5 Nh7 25. e6 Ndf6 26. Bc5 Rxd1 $1)
23... h5 $6 (23... Kh7 24. Rde1 (24. Bf2 h5 $132) 24... c5 (24... h5 $140 $2
25. e5 dxe5 26. fxe5 Ng8 27. Nxh5) 25. Bf2 cxb4 (25... h5 26. e5 h4 27. Nf5 $1)
26. axb4 a5 27. bxa5 bxa5 28. e5 dxe5 29. fxe5 Ng8 30. e6 Rxe6 31. Rxe6 fxe6
32. Rxe6 Ngf6 33. Nd5 $1 $16) 24. e5 $1 dxe5 25. fxe5 Nh7 26. e6 Ndf6 {[#]} 27.
Bc5 $1 bxc5 28. Rxd8 Rxd8 29. e7 Qe8 30. exd8=Q Qxd8 31. Qd2 Qf8 32. Nce4 Ba6
33. Re1 (33. Nd6 $142 $1 $18) 33... cxb4 34. axb4 Bc8 35. Qd6 Be6 36. c5 Qc8
37. Nxf6+ $6 (37. Qe7 $142 Nd5 38. Qxa7 Nxb4 39. Nd6 Qd8 40. Rb1 Bd4+ 41. Kh1
Qxd6 42. cxd6 Bxa7 43. Rxb4 $18) 37... Nxf6 38. Ne4 $6 Nd7 $2 (38... Nxe4 39.
Rxe4 Bd5 40. Re1 Qf5 $44) 39. Ng5 Bd5 40. Re7 Nf8 41. Bd3 Bh6 42. Ne4 Be3+ 43.
Kh2 Bd4 44. Nf6+ Bxf6 45. Qxf6 a6 46. Qd6 Ne6 47. Ra7 Ng5 48. Bxg6 $1 {
1-0 (48) Shulman,Y (2425)-Kochyev,A (2475) St Petersburg 1994 CBM 042 (Shulman)
}) (13... a6 14. a3 (14. b4 a5 15. a3 axb4 16. axb4 Nh5 17. Bxg7 Kxg7 18. Qd2
Qf6 19. Bf1 Nf4 20. Re3 Ne5 21. Nd4 Rd8 22. Qc2 Ne6 23. Nb3 Ra3 24. Nc1 Ra1 25.
Qb2 Ra8 26. Nb3 Nf4 27. Nd4 Bd7 28. Qb3 Ra7 29. Nce2 Nxe2+ 30. Nxe2 Be6 31. Nd4
g5 32. Qc3 Rda8 33. Nc2 Qe7 34. c5 f6 35. Rxd6 Rd8 36. Qd4 Raa8 37. Ne1 Nf7 38.
Rxd8 Rxd8 39. Qa1 Rd2 40. Nf3 Ra2 41. Qc3 Qc7 42. e5 fxe5 43. Nxe5 Kg8 44. Ng6
Qd7 45. Qf6 {1-0 (45) Sofrevski,J-Scheipl, R Yugoslavia 1975}) 14... b5 15. b4
Bb7 16. Bf1 Rad8 17. e5 $5 dxe5 18. Nxe5 Nxe5 19. Rxe5 Qc7 20. Rxe8+ Rxe8 21.
a4 $1 $14 {Shulman,Y-Dydyshko,V/BLR ch/ 1994/}) (13... c5 $5 14. Be3 (14. Nd5
$2 Nxd5 15. Bxg7 Nb4 16. Qc3 Nxa2 $17) 14... Nxe4 15. Nxe4 Qxe4 16. Bd3 Qe7 17.
Bxc5 Ne5 $8 18. Nxe5 dxc5 19. f4 $5 $36) 14. b4 (14. Nh2 g5 15. Nf1 b6 16. Ng3
Be6 17. c5 bxc5 18. Bxe5 dxe5 19. Na4 Nd7 20. b3 Bf8 21. Rc1 Rab8 22. Bg4 Rb4
23. Bxe6 fxe6 24. Nb2 Qf6 25. Nc4 Nb6 26. Nh5 Qg6 27. Nxe5 Qxh5 28. g4 Qxh3 29.
Re3 Qh4 30. Rg3 Bd6 31. Nf3 Bxg3 32. Nxh4 Bxh4 33. f3 Nd7 34. Kg2 Rd4 35. Rd1
Ne5 36. Rxd4 cxd4 37. Qc5 Nf7 38. Qxd4 Rd8 39. Qc3 Rd1 40. Qc2 Rd6 41. Qc3 Rd1
42. a3 e5 43. b4 Rd6 44. a4 Kg7 45. a5 Rd4 46. a6 Rd6 47. Qe3 Rd7 48. Qc3 Rd4
49. Qc5 Rd2+ 50. Kf1 Rf2+ 51. Kg1 Rxf3 52. Qxa7 Rg3+ 53. Kf1 Ra3 54. Qb6 Ra1+
55. Ke2 Ra2+ 56. Kd3 Bf2 57. Qxc6 Bd4 58. Qb7 Rb2 59. Kc4 Kf6 60. Qc6+ Ke7 61.
Qb7+ Ke6 62. Qc8+ Ke7 63. Qc7+ {
1/2-1/2 (65) Rasmussen,C (2327)-Hoi,C (2418) Aalborg 2007} Ke6 64. Qc8+ Ke7 65.
Qc7+ {1/2-1/2 (65) Rasmussen,C (2327)-Hoi,C (2418) Aalborg 2007}) 14... Nfd7
15. Nh2 c5 16. Nd5 Qd8 17. Be3 Nc6 18. bxc5 Nxc5 19. f3 Ne6 (19... Be6) 20. Qc1
h5 (20... Kh7) 21. Nf1 Ned4 22. Bg5 f6 23. Be3 Ne6 24. Kh1 b6 25. Nf4 Ne5 26.
Qd2 Nxf4 27. Bxf4 Bf8 28. Bh6 Nf7 29. Bxf8 Kxf8 30. Ne3 Bb7 31. Qd4 Rc8 32. Rd2
Rc5 33. Red1 Qe7 34. Rd3 Kg8 35. Rb3 Re5 36. Nd5 Bxd5 37. cxd5 f5 38. Bd3 fxe4
39. Bxe4 Qf6 40. Rc3 Kg7 41. Rc7 R5e7 42. Rdc1 {
He might have played this, but in any case he touched the rook -- and resigned.
} 0-1

[Event "Mechanics' Fall TNM; G/2"]
[Site "San Francisco"]
[Date "2016.11.15"]
[Round "5.4"]
[White "Viswanath Natraj, Ganesh"]
[Black "Askin, David Benja"]
[Result "0-1"]
[WhiteElo "2132"]
[BlackElo "1942"]
[PlyCount "62"]
[EventDate "2016.??.??"]

1. d4 Nf6 2. c4 g6 3. Nf3 Bg7 4. Nc3 d5 5. Qb3 dxc4 6. Qxc4 a6 7. e4 b5 8. Qb3
O-O 9. Be2 Nc6 10. d5 Na5 11. Qb4 c6 12. O-O cxd5 13. exd5 Nb7 14. Rd1 Nd6 15.
a4 a5 16. Qb3 b4 17. Nb5 Bb7 18. Bg5 Rc8 19. Na7 Rc5 20. Bxf6 Bxf6 21. Rac1 Qc7
22. Qe3 Rxc1 23. Rxc1 Qd7 24. Nc6 Bxb2 25. Rc2 Bc3 26. Nfe5 Qc7 27. Bf3 Rc8 28.
Bg4 Re8 29. Bf3 Nf5 30. Qe2 Rc8 31. Na7 Nd4 0-1